| 000 | 004540000a22001810004500 | ||
|---|---|---|---|
| 003 | MACL | ||
| 005 | 20151206131959.0 | ||
| 008 | 151206b xxu||||| |||| 00| 0 eng d | ||
| 040 |
_aMACL _cMACL |
||
| 041 | _aEnglish | ||
| 082 | _a741.642 | ||
| 100 |
_aSingla, R K _919388 |
||
| 245 |
_aKnow Your Birds _bChildren's Encyclopedia of Birds |
||
| 260 | _bSakshi Prakashan | ||
| 350 | _a290 | ||
| 650 |
_aChildren's Book _919541 |
||
| 942 |
_cBK _k741.642 _2ddc |
||
| 999 |
_c7960 _d7960 |
||